| 000 | 02865nam a22003498i 4500 | ||
|---|---|---|---|
| 001 | BDZ0053769060 | ||
| 003 | StDuBDS | ||
| 005 | 20231227164331.0 | ||
| 006 | m|||||o||d|||||||| | ||
| 007 | cr ||||||||||| | ||
| 008 | 231026s2023 enk fo 000|0 eng|d | ||
| 020 |
_a9780727766489 (PDF ebook) : _c50.00 |
||
| 040 |
_aStDuBDS _beng _erda _epn _cStDuBDS _dStDuBDSZ |
||
| 082 | 0 | 4 |
_a344.4105377 _223 |
| 100 | 1 |
_aPerry, Pat, _d1954- _eauthor. |
|
| 245 | 1 | 0 |
_aFire safety in buildings _h[electronic resource] : _bquestions and answers / _cPat Perry. |
| 264 | 1 |
_aLondon : _bICE Publishing, _c2023. |
|
| 300 | _a1 online resource (240 pages) | ||
| 336 |
_atext _2rdacontent |
||
| 337 |
_acomputer _2rdamedia |
||
| 338 |
_aonline resource _2rdacarrier |
||
| 366 |
_b20231031 _cAvailable |
||
| 520 | 8 |
_a'Fire Safety in Buildings' is a practical handbook on fire safety legislation, duties and requirements, providing answers to common questions relating to a range of fire prevention, protection and management issues. It is an essential reference for a range of professionals including engineers, architects, and project managers. _bFire Safety in Buildings: Questions and Answers is a concise practical handbook on fire safety legislation, duties and requirements, providing answers to common questions relating to a range of fire prevention, protection and management issues. For each topic area the book explains a range of key terms, gives answers frequently asked questions, and presents key legislative requirements and practical guidance for ensuring compliance. Chapters also include references to further sources of information, including relevant standards and guidance documents. Coverage in the book includes: a summary of fire safety legislation and enforcement, including changes introduced in the Fire Safety Act and Building Safety Act concise practical guidance on fire safety duties, including roles of CDM dutyholders key steps in fire risk assessment fire safety protection and management for a range of different types of building a practical approach to compliance with checklists, template forms, case studies and top tips. Fire Safety in Buildings: Questions and Answers is an essential practical reference suitable for a broad range of professionals who require a concise guide to fire safety legislation, including engineers, architects, project managers, site managers, company directors, and health and safety professionals. |
|
| 588 | _aDescription based on CIP data; resource not viewed. | ||
| 650 | 0 | _aBUILDING SAFETY ACT 2022 | |
| 650 | 0 | _aFIRE PREVENTION | |
| 650 | 0 | _aEBOOK | |
| 650 | 7 | _aFIRE SAFETY | |
| 776 | 0 | 8 |
_iPrint version : _z9780727766472 |
| 856 | 4 | 0 |
_uhttps://www.vlebooks.com/product/openreader?id=RICS&accId=9491556&isbn=9780727766489 _zRead this book on VLeBooks (email [email protected] for a login) |
| 942 | _2ddc | ||
| 999 |
_c121748 _d121748 |
||